书目信息 |
| 题名: |
信息陷阱
|
|
| 作者: | 郑金月 编著 | |
| 分册: | ||
| 出版信息: | 北京 新华出版社 2005.06 |
|
| 页数: | 238页 | |
| 开本: | 20cm | |
| 丛书名: | ||
| 单 册: | ||
| 中图分类: | G270.7 | |
| 科图分类: | ||
| 主题词: | 档案学 , 档案工作 | |
| 电子资源: | ||
| ISBN: | 978-7-5011-7084-5 | |
| 000 | 00560nam0 2200205 450 | |
| 001 | 1959817319 | |
| 005 | 20191122163803.58 | |
| 010 | @a978-7-5011-7084-5@dCNY21.00 | |
| 100 | @a20191122d2005 km y0chiy0120 ea | |
| 101 | 0 | @achi |
| 102 | @aCN@b110000 | |
| 200 | 1 | @a信息陷阱@Axin xi xian jing@f郑金月编著@Fzheng jin yue bian zhu |
| 210 | @a北京@c新华出版社@d2005.06 | |
| 215 | @a238页@d20cm | |
| 606 | 0 | @a档案学 |
| 606 | 0 | @a档案工作 |
| 690 | @aG270.7@v4 | |
| 701 | 0 | @a郑金月@Azheng jin yue@4编著 |
| 801 | 0 | @aCN@bMUSE@c20191122 |
| 905 | @aMUSE@dG270.7@eZ439 | |
| 信息陷阱/郑金月编著.-北京:新华出版社,2005.06 |
| 238页;20cm |
| ISBN 978-7-5011-7084-5:CNY21.00 |
| ● |
| 相关链接 |
|
|
|
正题名:信息陷阱
索取号:G270.7/Z439
 
预约/预借
| 序号 | 登录号 | 条形码 | 馆藏地/架位号 | 状态 | 备注 |
| 1 | 1452613 | 214526137 | 社科库409/409社科库 60排3列1层/ [索取号:G270.7/Z439] | 在馆 |